00205nam a22000857a 4500008004100000082001300041245002000054260003600074300000900110230620b xxu||||| |||| 00| 0 eng d a323bMAC aAfrica Emergent aLondonbFaber and Faber Limited a414p